The Entire Undertale OST - Statistics

General Stats
  • This quiz has been taken 44 times
  • The average score is 62 of 124
Answer Stats
Number Answer % Correct
15 sans.
90%
24 Bonetrousle
85%
107 Bonetrousle (Trailer Version)
85%
5 Ruins
85%
22 Snowdin Town
85%
25 Dating Start!
80%
105 Dating Start (FM Version)
80%
12 Home
80%
100 MEGALOVANIA
80%
46 Spear of Justice
80%
48 Alphys
75%
84 Amalgam
75%
77 ASGORE
75%
68 Death by Glamour
75%
4 Fallen Down
75%
85 Fallen Down (Reprise)
75%
80 Finale
75%
10 Ghost Fight
75%
14 Heartache
75%
87 Hopes and Dreams
75%
6 Uwa!! So Temperate♫
75%
3 Your Best Friend
75%
65 CORE
70%
27 Dating Fight!
70%
26 Dating Tense!
70%
36 Dummy!
70%
9 Enemy Approaching
70%
13 Home (Music Box)
70%
54 Hotel
70%
2 Menu
70%
50 Metal Crusher
70%
16 Nyeh Heh Heh!
70%
1 Once Upon a Time
70%
23 Shop
70%
59 Spider Dance
70%
71 Undertale
70%
31 Waterfall
70%
79 Your Best Nightmare
70%
76 Bergentrückung
65%
21 Dogsong
65%
17 Snowy
65%
72 Song That Might Play When You Fight Sans
65%
43 Temmie Village
65%
44 Tem Shop
65%
30 Undyne
65%
98 Battle Against a True Hero
60%
11 Determination
60%
90 His Theme
60%
67 Oh My...
60%
99 Power of "NEO"
60%
38 Spooktune
60%
8 Unnecessary Tension
60%
78 You Idiot
60%
81 An Ending
55%
69 For the Fans
55%
83 Here We Are
55%
63 It's Raining Somewhere Else
55%
70 Long Elevator
55%
34 Memory
55%
3 Memory (10 Years Later)
55%
61 Oh! One True Love
55%
33 Quiet Water
55%
32 Run!
55%
89 SAVE the World
55%
39 Spookwave
55%
2 Start Menu
55%
42 Thundersnail
55%
51 Another Medium
50%
7 Anticipation
50%
75 Barrier
50%
40 Ghouliday
50%
101 Good Night
50%
93 Menu (Full)
50%
45 NGAHHH!!
50%
62 Oh! Dungeon
50%
53 Stronger Monsters
50%
35 Bird That Carries You Over A Disproportionately Small Gap
45%
95 Bring It In, Guys!
45%
88 Burn in Despair!
45%
64 CORE Approach
45%
57 Live Report
45%
47 Ooo
45%
82 She's Playing Piano
45%
52 Uwa!! So HEATS!!♫
45%
18 Uwa!! So Holiday♫
45%
58 Death Report
40%
19 Dogbass
40%
66 Last Episode!
40%
96 Last Goodbye
40%
74 Small Shock
40%
73 The Choice
40%
55 Can You Really Call This A Hotel, I Didn't Receive A Mint On My Pillow Or Anything
35%
41 Chill
35%
29 Danger Mystery
35%
86 Don't Give Up
35%
91 Final Power
35%
49 It's Showtime
35%
20 Mysterious Place
35%
37 Pathetic House
35%
28 Premonition
35%
92 Reunited
35%
60 Wrong Enemy !?
35%
56 Confession
30%
94 Respite
30%
104 Mad Mew Mew
25%
1 Abandoned Town
15%
97 But the Earth Refused to Die
15%
2 Doghole
10%
5 School
10%
7 Snowed Inn Jazz
10%
8 Song that Plays when Somebody Verses sans.
10%
11 Underwater Town
10%
13 Wrong Number (Camellia Remix)
10%
16 Empty House
5%
4 Pseudo Legendary Tree
5%
6 Snowdrift
5%
10 Ultranap
5%
12 what's up?
5%
103 Absolutely Overfamiliar Shrine
0%
108 Before the Story
0%
106 Bereavement
0%
109 Dog Dating
0%
102 Mysterious Shrine
0%
9 Strongerer Monsters
0%
No matching quizzes found
Score Distribution
Percent of People with Each Score
Percentile by Number Answered
Your Score History
You have not taken this quiz